Nothing but the truth (Record no. 52398)

MARC details
000 -LEADER
fixed length control field 00654nam a2200181 a 4500
008 - FIXED-LENGTH DATA ELEMENTS--GENERAL INFORMATION
fixed length control field 120416s1975 ||||||||||||||||| || u
050 ## - LIBRARY OF CONGRESS CALL NUMBER
Classification number KD 203.E8 Wat
100 ## - MAIN ENTRY--PERSONAL NAME
Personal name Watson, John A. F
245 10 - TITLE STATEMENT
Title Nothing but the truth
246 ## - VARYING FORM OF TITLE
Title proper/short title expert evidence in principle and practice for surveyors, valuers and others
250 ## - EDITION STATEMENT
Edition statement 2nd ed
260 ## - PUBLICATION, DISTRIBUTION, ETC.
Place of publication, distribution, etc. London
Name of publisher, distributor, etc. The Estates Gazette
Date of publication, distribution, etc. 1975
300 ## - PHYSICAL DESCRIPTION
Extent xvi, 126p.
350 ## - PRICE (NR) (BK AM CF MU VM SE) [OBSOLETE]
Price 0.00
650 ## - SUBJECT ADDED ENTRY--TOPICAL TERM
Topical term or geographic name entry element EVIDENCE, EXPERT--GREAT BRITAIN
650 ## - SUBJECT ADDED ENTRY--TOPICAL TERM
Topical term or geographic name entry element LAW
995 ## - RECOMMENDATION 995 [LOCAL, UNIMARC FRANCE]
-- 0.00
-- CBU-MAIN LIBRARY (Kitwe)
-- 1
-- 3.50
-- 1
-- AVAILABLE
-- Annex Low-Usage Collection
Holdings
Withdrawn status Lost status Source of classification or shelving scheme Damaged status Not for loan Home library Current library Shelving location Date acquired Total Checkouts Full call number Barcode Date last seen Price effective from Koha item type
          CBU-MAIN LIBRARY, KITWE. CBU-MAIN LIBRARY, KITWE.   11/30/2022   KD 203.E8 Wat 009752 11/30/2022 11/30/2022 MONOGRAPH